Business intelligence as a key information and knowledge tool for strategic business performance management
Riadenie výkonov podľa tradičných prístupov založených na metódach a modeloch finančných ukazovateľov podniku. Moderné prístupy založené na komplexnosti, podporované znalosťami Business Intelligence. Vybrané výsledky výskumu týkajúce sa komplexného strategického a efektívneho riadenia podnikových vý...
Na minha lista:
| Autor principal: | |
|---|---|
| Formato: | Capítulo de Livro |
| Idioma: | inglês |
| Assuntos: | |
| Tags: |
Sem tags, seja o primeiro a adicionar uma tag!
|
MARC
| LEADER | 00000naa a2200000 4500 | ||
|---|---|---|---|
| 001 | 0214988 | ||
| 005 | 20220719115008.7 | ||
| 041 | 0 | |a eng | |
| 044 | |a CZ | ||
| 245 | 1 | 0 | |a Business intelligence as a key information and knowledge tool for strategic business performance management |c Rastislav Rajnoha ... [et al.] |
| 520 | |a Riadenie výkonov podľa tradičných prístupov založených na metódach a modeloch finančných ukazovateľov podniku. Moderné prístupy založené na komplexnosti, podporované znalosťami Business Intelligence. Vybrané výsledky výskumu týkajúce sa komplexného strategického a efektívneho riadenia podnikových výkonov. | ||
| 610 | 2 | 0 | |a podnik |
| 610 | 2 | 0 | |a riadenie strategické |
| 610 | 2 | 0 | |a riadenie výkonov |
| 610 | 2 | 0 | |a politika podniková |
| 610 | 2 | 0 | |a metódy riadenia |
| 610 | 2 | 0 | |a výkonnosť podniku |
| 610 | 2 | 0 | |a business intelligence |
| 100 | 1 | |a Rajnoha, Rastislav | |